Présidents français sans voyelles - Statistiques

Statistiques générales
  • Ce quiz a été pris 241 fois
  • Le résultat moyen est 15 sur 20
Statistiques - réponses
Indices Réponses % Correct
CHRLS D GLL Charles de Gaulle
100%
JCQS CHRC Jacques Chirac
100%
FRCS HLLND François Hollande
98%
FRNCS MTTRRND François Mitterrand
98%
NCLS SRKZ Nicolas Sarkozy
98%
VLR GSCRD D'STNG Valéry Giscard d'Estaing
97%
GRGS PMPD Georges Pompidou
95%
MMNL MCRN Emmanuel Macron
94%
LS-NPLN BNPRT Louis-Napoléon Bonaparte
87%
FLX FR Félix Faure
73%
RMND PNCR Raymond Poincaré
72%
PL DSCHNL Paul Deschanel
71%
RN CT René Coty
70%
LBRT LBRN Albert Lebrun
66%
LXNDR MLLRND Alexandre Millerand
60%
PL DMR Paul Doumer
56%
GSTN DMRG Gaston Doumergue
53%
JLS GRV Jules Grévy
52%
VNCNT RL Vincent Auriol
47%
RMND FLLRS Armand Fallières
27%
Aucun quiz correspondant
Distribution des résultats
% des personnes avec chaque résultat
Percentile par nombre de réponses
Votre historique - résultats
Vous n’avez pas pris ce quiz